000 00622nam a22002177a 4500
003 UA-OsUOA
001 118041
007 ta
008 20160705b un ||||| |||| 00| 0 ukr d
090 _a008(091)
_bП78
942 _cBK
040 _aUA-OsUOA
_brus
_cUA-OsUOA
_dUA-OsUOA
245 _aПроблемы античной культуры
_bсборник
_cотв. ред. Г. А. Кошеленко
300 _a288 с.
955 _a1
041 _arus
080 _a008(091)
260 _aМ.
_bНаука
_c1986
650 7 _a008 Цивілізація. Культура. Прогрес
_2UDC
999 _c404089
_d404089